| 000 | 01162nam a2200301 i 4500 | ||
|---|---|---|---|
| 001 | bg | ||
| 245 | 0 | 0 |
_aGlobalizacja usług : _boutsourcing, offshoring i shared services centers : praca zbiorowa / _cpod red. Adama Szymaniaka ; [aut. Kałążna Klaudia et al.]. |
| 260 |
_aPoznań : _bWydawnictwo Naukowe Instytutu Nauk Politycznych i Dziennikarstwa Uniwersytetu im. Adama Mickiewicza ; _a[Warszawa] : _bprzy współpr. Deloitte, _c2007. |
||
| 300 |
_a432 s. : _bil. ; _c25 cm. |
||
| 500 | _aNazwy aut. na s. 431-432. | ||
| 504 | _aBibliogr. przy niektórych rozdz. | ||
| 650 | 9 | _aGlobalizacja | |
| 650 | 9 | _aHandel międzynarodowy | |
| 650 | 9 |
_aUsługi _zPolska _yod 1989 r. |
|
| 655 | _aPodręczniki | ||
| 700 | 1 |
_aSzymaniak, Adam. _eRed. |
|
| 700 | 1 | _aKałążna, Klaudia. | |
| 015 | _aPB 10842/2008 | ||
| 020 | _a9788360807897 | ||
| 040 | _cBPK | ||
| 041 | 0 | _apol | |
| 044 | _aPOL | ||
| 080 | _a339.5:005.44:658.1/.5::338.46(438)"1989/..."](07) | ||
| 920 | _a978-83-60807-89-7 | ||
| 942 | _cKS | ||
| 008 | 080409s2007 pl a f f |000 0 pol | ||
| 999 |
_c55736 _d55736 |
||
| 856 |
_uhttp://koha.tu.koszalin.pl/cgi-bin/koha/opac-detail.pl?biblionumber=55736 _yKatalog online BPK |
||